[Event "AUTO-INT-3146"]
[Site "http://www.queenalice.com/game.php?id=1427572"]
[Date "2016.6.14"]
[Round "1"]
[White "The_magister"]
[Black "Wali"]
[Result "1-0"]
[WhiteElo "1760"]
[BlackElo "1503"]

1. e4 e5 2. Nf3 Nc6 3. Bc4 Bc5 4. Nc3 Nf6 5. h3 O-O 6. O-O Bb4 7. a3 Bxc3 8.
dxc3 Nxe4 9. Qd5 Nf6 10. Qd2 d5 11. Bb3 d4 12. cxd4 exd4 13. Qf4 Nd5 14. Qd2 h6
15. Ba4 Nce7 16. Qxd4 Nf5 17. Qd3 Be6 18. Qe2 Nh4 19. Bb3 Re8 20. Nxh4 Qxh4 21.
Qf3 c6 22. Re1 Bg4 23. Rxe8+ Rxe8 24. Qxg4 1-0

[Event "AUTO-INT-3071"]
[Site "http://www.queenalice.com/game.php?id=1429533"]
[Date "2016.6.29"]
[Round "2"]
[White "Herivelto"]
[Black "Wali"]
[Result "0-1"]
[WhiteElo "2203"]
[BlackElo "1556"]

1. e4 e5 2. Bc4 Nf6 3. Nc3 Bb4 4. f3 Bxc3 5. bxc3 O-O 6. d4 exd4 7. cxd4 Qe7 8.
c3 Nc6 9. Ne2 Nxe4 10. fxe4 Qh4+ 11. Ng3 d6 12. O-O a6 0-1

[Event "AUTO-INT-3071"]
[Site "http://www.queenalice.com/game.php?id=1429534"]
[Date "2016.6.29"]
[Round "2"]
[White "Wali"]
[Black "Herivelto"]
[Result "1-0"]
[WhiteElo "1586"]
[BlackElo "2180"]

1. e4 c5 2. c4 Nc6 3. Nf3 d6 4. d4 cxd4 5. Nxd4 Nf6 6. Qa4 Bd7 7. Qd1 e5 8. Nxc6
Bxc6 9. f3 Be7 10. Nc3 O-O 11. Nd5 Nxd5 12. exd5 Bd7 13. f4 1-0

[Event "AUTO-INT-3071"]
[Site "http://www.queenalice.com/game.php?id=1429537"]
[Date "2016.6.29"]
[Round "2"]
[White "Danado"]
[Black "Wali"]
[Result "0-1"]
[WhiteElo "1695"]
[BlackElo "1616"]

1. e4 e5 2. a3 a6 3. Nc3 Nf6 4. h3 d5 5. d3 d4 6. Nce2 Bc5 7. Bg5 h6 8. Bxf6
Qxf6 9. Nf3 O-O 10. Nc1 Be6 11. Be2 Qg6 12. g4 Nd7 13. Nb3 b6 14. Nxc5 bxc5 15.
Qd2 c4 16. Nh4 Qf6 17. f3 cxd3 18. Nf5 Bxf5 19. Qxd3 Qh4+ 20. Kd2 Nc5 21. Qc4
Nxe4+ 22. fxe4 Bxe4 23. Rh2 Qg5+ 24. Kd1 Qe3 25. Qc3 Qg1+ 0-1

[Event "AUTO-INT-3071"]
[Site "http://www.queenalice.com/game.php?id=1429538"]
[Date "2016.6.29"]
[Round "2"]
[White "Wali"]
[Black "Danado"]
[Result "0-1"]
[WhiteElo "1648"]
[BlackElo "1694"]

1. e4 e5 2. Nf3 d6 3. Nc3 Bg4 4. Bc4 Bxf3 5. Qxf3 Nf6 6. Nd5 Nxd5 7. Bxd5 Qd7 8.
Bxb7 c6 9. Bxa8 Be7 10. Qc3 O-O 11. d4 exd4 12. Qxd4 Na6 13. Bxc6 Qxc6 14. O-O
Qc7 15. c3 Bf6 16. Bf4 Bxd4 17. cxd4 Re8 18. Rac1 Qb7 19. Bxd6 Rxe4 20. Be5 f6
21. Bd6 Rxd4 22. Bc5 Nxc5 23. Rxc5 Rd2 24. h3 h6 25. Rfc1 Kh7 26. Rc7 Qxb2 27.
Rf1 Qxa2 28. g4 Qa5 29. Re1 Qxc7 30. Re3 Qc1+ 31. Kg2 Ra2 32. Kg3 Qg1+ 33. Kf3
Qxf2+ 34. Ke4 Re2 35. Rxe2 Qxe2+ 36. Kd5 Qb5+ 37. Ke4 a5 0-1

[Event "AUTO-INT-3071"]
[Site "http://www.queenalice.com/game.php?id=1429539"]
[Date "2016.6.29"]
[Round "2"]
[White "tango2011"]
[Black "Wali"]
[Result "0-1"]
[WhiteElo "1449"]
[BlackElo "1642"]

1. d4 h6 2. e3 a6 3. Bd3 Nf6 4. Nf3 d6 5. O-O Nc6 6. c4 Bg4 7. h3 Bxf3 8. Qxf3
e5 9. d5 Nb4 10. Be4 Nxe4 11. Qxe4 Be7 12. a3 Nxd5 13. cxd5 O-O 14. Nc3 f5 15.
Qb4 f4 16. exf4 exf4 17. Bxf4 b5 18. Be3 Bf6 19. Bd4 Bh4 20. Ne2 Qg5 21. g3 Rf3
22. Kh2 Raf8 23. Bxg7 Rxf2+ 24. Rxf2 Rxf2+ 25. Kg1 Rxe2 26. Qxh4 Qe3+ 27. Kh1
Qf3+ 28. Kg1 Qg2# 0-1

[Event "AUTO-INT-3071"]
[Site "http://www.queenalice.com/game.php?id=1429540"]
[Date "2016.6.29"]
[Round "2"]
[White "Wali"]
[Black "tango2011"]
[Result "1-0"]
[WhiteElo "1633"]
[BlackElo "1457"]

1. e4 c5 2. c4 d6 3. Nc3 e6 4. d4 cxd4 5. Qa4+ Nd7 6. Nce2 Nf6 7. Bg5 h6 8. Bf4
e5 9. Bc1 Be7 10. Ng3 O-O 11. Nf5 Nb6 12. Nxe7+ Kh8 13. Nc6 bxc6 14. Qxc6 Qe7
15. h3 Bb7 16. Qb5 Nxe4 17. Nf3 Rfc8 18. Bd3 Bc6 19. Qb3 Rab8 20. Qd1 Ba4 21.
Qe2 Nd7 22. Bxe4 Rc7 23. b3 Bxb3 24. axb3 Rxb3 25. Qc2 f6 26. Qxb3 Nc5 27. Qb8+
1-0

[Event "AUTO-OPEN-3687"]
[Site "http://www.queenalice.com/game.php?id=1434461"]
[Date "2016.8.3"]
[Round "1"]
[White "crapaud93600"]
[Black "Wali"]
[Result "1-0"]
[WhiteElo "1235"]
[BlackElo "1466"]

1. d4 e6 2. e4 d6 3. Nc3 a6 4. Nf3 Nc6 5. Be2 d5 6. e5 Bb4 7. Bd2 Nge7 8. a3 Ba5
9. O-O h6 10. b4 Bb6 11. Be3 O-O 12. Na4 1-0

[Event "AUTO-OPEN-3687"]
[Site "http://www.queenalice.com/game.php?id=1434462"]
[Date "2016.8.3"]
[Round "1"]
[White "Wali"]
[Black "crapaud93600"]
[Result "0-1"]
[WhiteElo "1493"]
[BlackElo "1208"]

1. e4 e5 2. a3 Nf6 3. Bc4 Nxe4 4. Qe2 d5 5. d3 Nf6 6. Qxe5+ Be7 7. Bb3 Nc6 8.
Qe2 Nd4 9. Qe5 Nxb3 10. cxb3 O-O 11. Qg3 g6 12. Nf3 Re8 0-1

[Event "AUTO-OPEN-3687"]
[Site "http://www.queenalice.com/game.php?id=1434489"]
[Date "2016.8.3"]
[Round "1"]
[White "rodrigofortes"]
[Black "Wali"]
[Result "1-0"]
[WhiteElo "1690"]
[BlackElo "1595"]

1. Nf3 c5 2. e4 a6 3. g3 d5 4. exd5 Qxd5 5. Nc3 Qc6 6. Ne5 Qxh1 7. Qh5 g6 8. Qf3
Qxf3 9. Nxf3 b5 10. Nd5 Ra7 11. d4 e6 12. Nc3 cxd4 13. Nxd4 Rc7 14. a4 Bb4 15.
Bd2 Bc5 16. Be3 e5 17. Nb3 Bxe3 18. fxe3 b4 19. Na2 1-0

[Event "AUTO-OPEN-3687"]
[Site "http://www.queenalice.com/game.php?id=1434490"]
[Date "2016.8.3"]
[Round "1"]
[White "Wali"]
[Black "rodrigofortes"]
[Result "0-1"]
[WhiteElo "1572"]
[BlackElo "1713"]

1. c4 e5 2. e4 Bc5 3. Nf3 d6 4. d4 Bb4+ 5. Nbd2 Nc6 6. d5 Nd4 7. Nxd4 exd4 8. a3
Bxd2+ 9. Bxd2 Nf6 10. Bg5 h6 11. Qxd4 hxg5 12. e5 c5 13. Qe3 Ng4 14. Qg3 Nxe5
15. Be2 Qa5+ 16. b4 Qb6 17. Qxg5 Ng6 18. Qe3+ Ne7 19. Qg5 g6 0-1

[Event "AUTO-OPEN-3687"]
[Site "http://www.queenalice.com/game.php?id=1434507"]
[Date "2016.8.3"]
[Round "1"]
[White "CCapivara"]
[Black "Wali"]
[Result "1-0"]
[WhiteElo "2166"]
[BlackElo "1650"]

1. e4 e5 2. f4 exf4 3. Nf3 c5 4. Bc4 Qf6 5. O-O a6 6. a4 Nc6 7. e5 Nxe5 8. Nxe5
Nh6 9. d3 d6 10. Rxf4 Qd8 11. Nxf7 Nxf7 12. Bxf7+ Kd7 13. Nc3 b6 14. Nd5 Kc6 15.
b4 g5 16. Rf1 Bg7 17. b5+ Kb7 18. Rb1 a5 19. Qf3 Ka7 20. Bd2 Bb7 21. c4 Bd4+ 22.
Kh1 h5 23. Rbe1 g4 24. Qg3 Be5 25. Bf4 Rf8 26. Bxe5 Qd7 27. Bxd6 Rxf7 28. Rxf7
Qd8 29. Ree7 1-0

[Event "AUTO-OPEN-3687"]
[Site "http://www.queenalice.com/game.php?id=1434508"]
[Date "2016.8.3"]
[Round "1"]
[White "Wali"]
[Black "CCapivara"]
[Result "0-1"]
[WhiteElo "1635"]
[BlackElo "2182"]

1. e4 e5 2. c4 Nf6 3. Bd3 Bc5 4. h3 O-O 5. Nf3 d6 6. Nc3 Nc6 7. O-O Be6 8. a3 a5
9. b3 h6 10. Nh4 Nd4 11. Nb5 Nxb5 12. Kh1 Nd4 13. f4 exf4 14. Rxf4 g5 15. Rxf6
Qxf6 16. Nf5 Nxf5 17. Ra2 Ng3+ 18. Kh2 Qf4 19. Bb2 Nf1+ 0-1

[Event "AUTO-INT-3160"]
[Site "http://www.queenalice.com/game.php?id=1434544"]
[Date "2016.8.4"]
[Round "1"]
[White "Wali"]
[Black "rodrigofortes"]
[Result "0-1"]
[WhiteElo "1583"]
[BlackElo "1702"]

1. c4 e5 2. e4 c5 3. Nc3 d6 4. Nd5 Nf6 5. Qf3 Nbd7 6. g3 h5 7. Bh3 Nxd5 8. exd5
f6 9. Qf5 Nb6 10. Qg6+ Ke7 11. b3 Rh6 12. Qe4 g6 13. d3 f5 14. Qh4+ Kd7 15.
Qxd8+ Kxd8 16. Bxh6 Bxh6 17. Ne2 f4 18. Bxc8 Rxc8 19. Rb1 f3 0-1

[Event "AUTO-INT-3160"]
[Site "http://www.queenalice.com/game.php?id=1434545"]
[Date "2016.8.4"]
[Round "1"]
[White "rodrigofortes"]
[Black "Wali"]
[Result "1-0"]
[WhiteElo "1723"]
[BlackElo "1562"]

1. e4 a6 2. d4 d5 3. e5 e6 4. g3 Nc6 5. Nf3 Bb4+ 6. c3 Ba5 7. b4 Bb6 8. Bg2 Nge7
9. Bg5 h6 10. Be3 O-O 11. Bxh6 gxh6 12. Qc1 f6 13. Qxh6 Nf5 14. Qg6+ Kh8 15.
Qh5+ Kg7 16. Nh4 Rh8 17. Qg6+ Kf8 18. exf6 1-0

[Event "AUTO-INT-3160"]
[Site "http://www.queenalice.com/game.php?id=1434546"]
[Date "2016.8.4"]
[Round "1"]
[White "Wali"]
[Black "chessplayer123"]
[Result "0-1"]
[WhiteElo "1622"]
[BlackElo "1723"]

1. e4 e5 2. d4 Qe7 3. d5 d6 4. c4 f5 5. Bd3 Nf6 6. Bg5 Nbd7 7. Qa4 Kd8 8. exf5
e4 9. Be2 Nc5 10. Qc2 Bxf5 11. Nc3 Nd3+ 12. Kf1 h6 13. Be3 c5 14. Bxd3 exd3 15.
Qa4 g5 16. Nb5 Bg7 17. Nxa7 Kc7 18. Re1 Qd7 19. Qa5+ Kb8 20. f3 Rxa7 21. Qd2
Rxa2 22. Rb1 Qa4 23. g4 Bg6 24. h4 gxh4 25. Qc3 d2 26. Rd1 Qxd1+ 27. Kg2 Qe1 28.
Bxd2 Qg3+ 29. Kf1 Ra1+ 30. Bc1 Rg8 31. Qd2 Bd3+ 32. Qxd3 Rxc1+ 0-1

[Event "AUTO-INT-3160"]
[Site "http://www.queenalice.com/game.php?id=1434547"]
[Date "2016.8.4"]
[Round "1"]
[White "chessplayer123"]
[Black "Wali"]
[Result "1-0"]
[WhiteElo "1661"]
[BlackElo "1552"]

1. d4 d5 2. e3 a6 3. Nf3 Nc6 4. c3 Nf6 5. Be2 Ne4 6. Nbd2 Nxf2 7. Kxf2 e6 8. Rf1
Qf6 9. Kg1 Be7 10. Ne5 Qh4 11. Nxf7 Rf8 12. Nf3 Qe4 13. Bd3 Qg4 14. N7e5 Nxe5
15. dxe5 Bd7 16. Bxh7 Rh8 17. Bd3 Rf8 18. Bd2 Bc6 19. Nd4 Qh4 20. Rxf8+ Bxf8 21.
Nxe6 Kd7 22. Bf5 Ke7 23. Nxc7 Rd8 24. Bh3 Qe4 25. Qe1 Qxe5 26. Qh4+ g5 27. Qb4+
Kf6 28. Rf1+ Kg6 29. Rxf8 Qxc7 30. Rxd8 Qxd8 31. Qg4 a5 32. Qf5+ Kh6 33. Bg4 Qg8
34. h3 Qg6 35. Qxg6+ Kxg6 36. c4 dxc4 37. Bxa5 Bd5 38. Bb6 Kf6 39. a4 1-0

[Event "AUTO-INT-3160"]
[Site "http://www.queenalice.com/game.php?id=1434548"]
[Date "2016.8.4"]
[Round "1"]
[White "Wali"]
[Black "HenriqCamargo"]
[Result "0-1"]
[WhiteElo "1610"]
[BlackElo "1744"]

1. c4 Nf6 2. Nc3 e5 3. e4 Bb4 4. a3 Ba5 5. b4 Bb6 6. c5 Bxc5 7. bxc5 O-O 8. Bc4
d6 9. h3 dxc5 10. Bb2 a6 11. Nf3 b5 12. Be2 Nbd7 13. Qb3 c4 14. Qb4 c5 15. Qxc4
bxc4 16. Bxc4 Bb7 17. O-O Nxe4 18. Rfe1 Nxc3 19. Bxc3 Bxf3 20. gxf3 Qg5+ 21. Kh2
Rfe8 22. Re4 Nf6 23. h4 Qh5 24. f4 Nxe4 25. Kg1 exf4 26. Ba5 Qxh4 27. Rf1 f3 28.
d3 Qg4+ 0-1

[Event "AUTO-INT-3160"]
[Site "http://www.queenalice.com/game.php?id=1434549"]
[Date "2016.8.4"]
[Round "1"]
[White "HenriqCamargo"]
[Black "Wali"]
[Result "1-0"]
[WhiteElo "1728"]
[BlackElo "1531"]

1. e4 c5 2. Nf3 d5 3. Nc3 e6 4. Bb5+ Bd7 5. exd5 Qe7 6. Bxd7+ Qxd7 7. dxe6 Qxe6+
8. Qe2 Qxe2+ 9. Kxe2 Nc6 10. Re1 Nb4 11. Kd1+ Ne7 12. Nb5 Nd5 13. Nd6+ Kd7 14.
Nxf7 Rg8 15. N3e5+ Kc7 16. Ng5 Nf5 17. g3 Nd4 18. c3 Nf5 19. Ne6+ Kd6 20. Nc4+
Kc6 21. d3 b6 22. Nxf8 Rgxf8 23. f4 Rad8 24. Bd2 b5 25. Na5+ Kb6 26. Nb3 Rf6 27.
Kc2 Rh6 28. Re2 c4 29. dxc4 bxc4 30. Nd4 Nxd4+ 31. cxd4 Rc6 32. Rae1 Rd7 33. Re5
Nc7 34. Ba5+ Ka6 35. Bxc7 1-0

[Event "AUTO-ADV-3682"]
[Site "http://www.queenalice.com/game.php?id=1434747"]
[Date "2016.8.4"]
[Round "1"]
[White "qxr"]
[Black "Wali"]
[Result "1-0"]
[WhiteElo "1746"]
[BlackElo "1523"]

1. d4 Nc6 2. Nf3 d5 3. c4 dxc4 4. e3 Nf6 5. Bxc4 Ne4 6. O-O e6 7. a3 Bd6 8. Bd3
Ng5 9. b4 a6 10. Bb2 Qf6 11. d5 exd5 12. Bxf6 gxf6 13. Nxg5 fxg5 14. Nc3 Be6 15.
e4 Be5 16. Rc1 d4 17. Ne2 h5 18. Kh1 h4 19. Bc4 Bg4 20. f3 Bh5 21. Rg1 1-0

[Event "AUTO-ADV-3682"]
[Site "http://www.queenalice.com/game.php?id=1434748"]
[Date "2016.8.4"]
[Round "1"]
[White "Wali"]
[Black "qxr"]
[Result "0-1"]
[WhiteElo "1516"]
[BlackElo "1753"]

1. e4 c5 2. c4 Nc6 3. Nf3 e5 4. a3 Be7 5. Nc3 Nf6 6. h3 h6 7. Nd5 d6 8. b4 Nxd5
9. cxd5 Nd4 10. bxc5 dxc5 11. Nxd4 cxd4 12. Qa4+ Bd7 13. Qb3 b6 14. Bb5 O-O 15.
O-O Kh8 16. Bd3 Qc8 17. Bb2 Bc5 18. a4 Qd8 19. f4 exf4 20. Rxf4 Qg5 0-1

[Event "AUTO-ADV-3682"]
[Site "http://www.queenalice.com/game.php?id=1434763"]
[Date "2016.8.4"]
[Round "1"]
[White "junipero"]
[Black "Wali"]
[Result "1-0"]
[WhiteElo "2027"]
[BlackElo "1497"]

1. d4 Nf6 2. c4 d5 3. e3 Ne4 4. Nf3 Bg4 5. cxd5 Qxd5 6. Be2 e6 7. O-O Bd6 8. h3
Bh5 9. Nc3 Nxc3 10. bxc3 O-O 11. c4 Qf5 12. Nh4 Bxe2 13. Nxf5 Bxd1 14. Nxd6 cxd6
15. Rxd1 Nc6 16. Ba3 Rad8 17. c5 d5 18. Rab1 Na5 19. c6 Rfe8 20. cxb7 Rb8 21.
Bc5 a6 22. Rb6 Nxb7 23. Rxa6 1-0

[Event "AUTO-ADV-3682"]
[Site "http://www.queenalice.com/game.php?id=1434764"]
[Date "2016.8.4"]
[Round "1"]
[White "Wali"]
[Black "junipero"]
[Result "0-1"]
[WhiteElo "1495"]
[BlackElo "2029"]

1. e4 c5 2. Nf3 Nc6 3. a3 d6 4. d4 cxd4 5. Nxd4 e5 6. Nxc6 bxc6 7. Nc3 Nf6 8.
Bc4 Be7 9. O-O O-O 10. f4 Bb7 11. f5 d5 12. exd5 cxd5 13. Bb3 d4 14. Nb5 a6 15.
Qd3 axb5 16. Qxb5 Ba6 17. Qxe5 Bxf1 18. Kxf1 Re8 19. Qg3 Bf8 20. Bg5 Ne4 21.
Bxd8 Nxg3+ 22. Kg1 Ne2+ 23. Kh1 Raxd8 24. Bc4 Rc8 0-1

[Event "AUTO-ADV-3682"]
[Site "http://www.queenalice.com/game.php?id=1434773"]
[Date "2016.8.4"]
[Round "1"]
[White "Artking"]
[Black "Wali"]
[Result "1-0"]
[WhiteElo "2118"]
[BlackElo "1599"]

1. d4 Nf6 2. c4 d5 3. e3 Nc6 4. Nc3 e5 5. cxd5 Nxd5 6. Bc4 Nxc3 7. bxc3 Be7 8.
d5 Na5 9. Qa4+ c6 10. dxc6 Nxc6 11. Ne2 a6 12. O-O Bd7 13. Qc2 O-O 14. f4 b5 15.
Bd5 Qb8 16. Qe4 exf4 17. Nxf4 Kh8 18. Bxc6 Bxc6 19. Qxc6 Qe5 20. Bb2 Qxe3+ 21.
Kh1 Rfc8 22. Qd7 h6 23. Rae1 Qd2 24. Qxd2 1-0

[Event "AUTO-ADV-3682"]
[Site "http://www.queenalice.com/game.php?id=1434774"]
[Date "2016.8.4"]
[Round "1"]
[White "Wali"]
[Black "Artking"]
[Result "0-1"]
[WhiteElo "1597"]
[BlackElo "2119"]

1. c4 Nf6 2. Nc3 g6 3. d3 Bg7 4. Nf3 d6 5. Bg5 Nbd7 6. Qa4 O-O 7. h3 c6 8. e4 e5
9. Be2 Nc5 10. Qb4 a5 11. Qa3 h6 12. Bh4 g5 13. Bg3 Re8 14. O-O Nh5 15. b4 Ne6
16. b5 Nef4 17. bxc6 Nxg3 18. fxg3 Nxe2+ 19. Nxe2 bxc6 20. d4 exd4 21. Nfxd4
Rxe4 22. Rad1 Qb6 23. Qxd6 Rxe2 0-1